Taylor Swift 82 - Statistics

General Stats
  • This quiz has been taken 19 times
    7 since last reset
  • The average score is 179 of 307
Answer Stats
Answer % Correct
a
100%
I
100%
love
100%
the
100%
and
83%
but
83%
how
83%
I've
83%
mine
83%
on
83%
they
83%
you
83%
all
67%
are
67%
can
67%
for
67%
I'm
67%
in
67%
is
67%
it's
67%
knew
67%
like
67%
me
67%
no
67%
not
67%
now
67%
of
67%
one
67%
out
67%
over
67%
so
67%
that
67%
to
67%
when
67%
why
67%
with
67%
your
67%
you're
67%
before
50%
girls
50%
into
50%
just
50%
know
50%
loved
50%
more
50%
need
50%
one's
50%
some
50%
someone
50%
someone's
50%
thankful
50%
there's
50%
think
50%
time
50%
up
50%
whose
50%
around
33%
baby
33%
bathroom
33%
brought
33%
cannot
33%
crying
33%
dead-end
33%
drawn
33%
dude
33%
every
33%
fake
33%
fallen
33%
feels
33%
fights
33%
forever
33%
handwriting
33%
heart
33%
here
33%
kind
33%
lame
33%
late
33%
loyal
33%
made
33%
makeup
33%
morning
33%
mother
33%
name
33%
nights
33%
phone
33%
remember
33%
say
33%
straight
33%
street
33%
teach
33%
town
33%
wanna
33%
without
33%
woman
33%
16
17%
aligned
17%
alone
17%
amazing
17%
breaking
17%
call
17%
everything
17%
feeling
17%
good
17%
goodbye
17%
hands
17%
holding
17%
home
17%
intertwined
17%
killing
17%
lady
17%
leave
17%
led
17%
lines
17%
making
17%
parallel
17%
past
17%
saying
17%
sneaking
17%
stars
17%
taught
17%
teenage
17%
treat
17%
wake
17%
way
17%
wild
17%
jokes
0%
secret
0%
No matching quizzes found
Score Distribution
Percent of People with Each Score
Percentile by Number Answered
Your Score History
You have not taken this quiz since the last reset